| Tag |
First Indicator |
Second Indicator |
Subfields |
| LEADER |
00000cam a2200000 4500 |
| 001 |
in00003482621 |
| 005 |
20151206122702.0 |
| 008 |
750327s1973 enk 00010 eng u |
| 020 |
|
|
|a 0370020219
|
| 035 |
|
|
|a (OCoLC)ocm01241610
|
| 040 |
|
|
|c IXA
|d m.c.
|d TNY
|d UtOrBLW
|
| 090 |
|
|
|a PZ5600.R4446
|b L57 1973
|
| 100 |
1 |
|
|a Greene, Graham,
|d 1904-1991.
|
| 245 |
1 |
4 |
|a The little fire engine /
|c by Graham Greene. Illustrated by Edward Ardizzone.
|
| 264 |
|
1 |
|a London :
|b The Bodley Head,
|c [1973]
|
| 300 |
|
|
|a 48 pages :
|b color illustrations ;
|c 19 x 25 cm.
|
| 336 |
|
|
|a text
|b txt
|2 rdacontent
|
| 337 |
|
|
|a unmediated
|b n
|2 rdamedia
|
| 338 |
|
|
|a volume
|b nc
|2 rdacarrier
|
| 700 |
1 |
|
|a Ardizzone, Edward,
|d 1900-1979.
|
| 999 |
|
|
|a MARS
|
| 999 |
f |
f |
|s e7ca09b1-4f07-3d36-b744-562dac22940e
|i b4933732-7297-37a0-9626-7af5abb89d39
|t 0
|
| 952 |
f |
f |
|p ric
|a Texas A&M University
|b Rellis Campus
|c Joint Library Facility
|d Remote Storage
|t 0
|e PZ5600.R4446 L57 1973
|h Library of Congress classification
|i unmediated -- volume
|m 32060000399978
|
| 998 |
f |
f |
|a PZ5600.R4446 L57 1973
|t 0
|l Remote Storage
|